Vyváženě : rychle a jednoduše : 123 receptů od nutričních terapeutek Nehladu /
Uloženo v:
| Hlavní autor: | |
|---|---|
| Další autoři: | , , , , , |
| Médium: | Kniha |
| Jazyk: | Czech |
| Vydáno: |
V Praze :
BWT books,
2025
|
| Vydání: | 1. vydání |
| Témata: | |
| Celkem bylo vypůjčeno: | 1x |
| Tagy: |
Žádné tagy |
| LEADER | 02245cam a2200529 i 4500 | ||
|---|---|---|---|
| 001 | 106470 | ||
| 003 | CZ PrNK | ||
| 005 | 20260603114431.0 | ||
| 007 | ta | ||
| 008 | 250923s2025 xr a e f 000 0 cze d | ||
| 015 | |a cnb003717308 | ||
| 020 | |a 9788090950221 |q (vázáno) | ||
| 040 | |a KLG001 |b cze |d OLA001 |e rda | ||
| 072 | 7 | |a 641 |x Kuchařství. Potraviny. Vařená jídla |2 Konspekt |9 19 | |
| 080 | |a 641.55 |2 MRF | ||
| 080 | |a 613.2 |2 MRF | ||
| 080 | |a 641.1 |2 MRF | ||
| 080 | |a (083.12) |2 MRF | ||
| 100 | 1 | |a Pospíšil Jakešová, Andrea, |d 1993- |7 xx0243397 |4 aut |9 117413 | |
| 245 | 1 | 0 | |a Vyváženě : |b rychle a jednoduše : 123 receptů od nutričních terapeutek Nehladu / |c Andrea Pospíšil Jakešová, Veronika Pourová, Barbora Holá, Magdaléna Kekrtová, Natálie Staroveská, Lucie Ščotková, Marijana Vasilić |
| 246 | 1 | |i Název v tiráži: |a Vyváženě rychle a jednoduše | |
| 250 | |a 1. vydání | ||
| 264 | 1 | |a V Praze : |b BWT books, |c 2025 | |
| 300 | |a 247 stran : |b barevné ilustrace ; |c 28 cm | ||
| 336 | |a text |b txt |2 rdacontent | ||
| 336 | |a statický obraz |b sti |2 rdacontent | ||
| 337 | |a bez média |b n |2 rdamedia | ||
| 338 | |a svazek |b nc |2 rdacarrier | ||
| 500 | |a Obsahuje QR kódy s přístupem k rozšiřujícím materiálům | ||
| 650 | 0 | 7 | |a jídla |7 ph114847 |2 czenas |
| 650 | 0 | 7 | |a racionální výživa |7 ph124968 |2 czenas |
| 650 | 0 | 7 | |a nutriční hodnota potravin |7 ph184828 |2 czenas |
| 650 | 0 | 9 | |a meals |2 eczenas |
| 650 | 0 | 9 | |a rational nutrition |2 eczenas |
| 650 | 0 | 9 | |a nutritive value of foods |2 eczenas |
| 655 | 7 | |a kuchařské recepty |7 fd132687 |2 czenas |9 53684 | |
| 655 | 9 | |a cookbooks |2 eczenas | |
| 700 | 1 | |a Pourová, Veronika, |d 1993- |7 xx0243398 |4 aut |9 117414 | |
| 700 | 1 | |a Holá, Barbora |7 xx0336466 |4 aut |9 117415 | |
| 700 | 1 | |a Kekrtová, Magdaléna |7 jo20221171508 |4 aut |9 117416 | |
| 700 | 1 | |a Staroveská, Natálie |7 xx0336463 |4 aut |9 117417 | |
| 700 | 1 | |a Ščotková, Lucie |7 xx0336464 |4 aut |9 117418 | |
| 700 | 1 | |a Vasilić, Marijana |7 xx0336465 |4 aut |9 117419 | |
| 910 | |a UOG502 | ||
| 942 | |2 ddc |c KN | ||
| 999 | |d 106470 | ||
| 993 | |0 0 |1 421180107187 |2 ddc |4 0 |6 641_000000000000000 |7 0 |9 99906 |b 0 |c 107187 |d 2026-06-03 |e 1 |f DOSP |g 641 |h 559.00 |i Koupě |l DOSP |q 2026-07-15 |r 2026-06-03 |s 2026-06-03 |t 5 |w 2026-06-03 |y KN |z NAUCNA |n | ||